[Event "FIDE Online Olympiad"]
[Site "Chess.com"]
[Date "2020.08.16"]
[EventDate "2020.08.14"]
[Round "8"]
[Result "1-0"]
[White "Dagne Ciuksyte"]
[Black "Lucia Estrada"]
[WhiteElo "2294"]
[BlackElo "1931"]
[Source "Chess-Results"]
[PlyCount "99"]

1. e4 e6 2. d4 d5 3. Nd2 dxe4 4. Nxe4 Nd7 5. Nf3 Ngf6 6. Nxf6+
Nxf6 7. Bg5 Be7 8. Bd3 b6 9. Ne5 Qd5 10. f3 Bb7 11. c3 Qd6
12. Qa4+ c6 13. Qc2 h6 14. Bf4 Qd8 15. O-O-O Nd5 16. Bd2 a6
17. Kb1 Qc7 18. Rhe1 c5 19. dxc5 Qxc5 20. Bg6 O-O 21. Nd7 Qc7
22. Nxf8 Rxf8 23. Bh7+ Kh8 24. Be4 Bf6 25. c4 Ne7 26. Bxb7
Qxb7 27. Bc3 Bxc3 28. Qxc3 b5 29. cxb5 axb5 30. Rd2 Nd5
31. Qe5 Ra8 32. Qd4 b4 33. Qc4 Qa7 34. f4 Nb6 35. Qb3 Nd5
36. g3 Qc5 37. f5 Rc8 38. fxe6 fxe6 39. Rdd1 Qc6 40. Rc1 Qd7
41. Rxc8+ Qxc8 42. g4 Qd7 43. h4 Qf7 44. g5 Qf5+ 45. Ka1 Qf2
46. Rc1 Qf8 47. gxh6 gxh6 48. Qc2 Qe7 49. Qg6 Qf8 50. Qxe6 1-0

[Event "FIDE Online Olympiad"]
[Site "Chess.com"]
[Date "2020.08.16"]
[EventDate "2020.08.14"]
[Round "8"]
[Result "1-0"]
[White "Daniel Titichoca Daza"]
[Black "Jonah B Willow"]
[WhiteElo "2135"]
[BlackElo "2168"]
[Source "Chess-Results"]
[PlyCount "57"]

1. e4 c5 2. Nf3 Nc6 3. d4 cxd4 4. Nxd4 g6 5. Nc3 Bg7 6. Be3
Nf6 7. Bc4 O-O 8. Bb3 d6 9. f3 Bd7 10. Qd2 Nxd4 11. Bxd4 b5
12. O-O a5 13. a3 Bc6 14. Rae1 Qc7 15. Kh1 Qb7 16. Nd5 Bxd5
17. exd5 Rfe8 18. f4 Nd7 19. f5 Bxd4 20. Qxd4 a4 21. Ba2 Rac8
22. c3 Ne5 23. Qh4 Nc4 24. fxg6 hxg6 25. Rxf7 Kxf7 26. Qh7+
Kf6 27. Re6+ Kf5 28. Qxg6+ Kf4 29. Re4# 1-0

[Event "FIDE Online Olympiad"]
[Site "Chess.com"]
[Date "2020.08.16"]
[EventDate "2020.08.14"]
[Round "8"]
[Result "1-0"]
[White "Alice Lampard"]
[Black "Thais Castillo Morales"]
[WhiteElo "1763"]
[BlackElo "1867"]
[Source "Chess-Results"]
[PlyCount "91"]

1. d4 e6 2. c4 Nf6 3. Nc3 Bb4 4. Qc2 O-O 5. Nf3 Bxc3+ 6. Qxc3
Ne4 7. Qc2 d5 8. Bf4 Qe7 9. a3 c6 10. e3 Nd7 11. Bd3 f5 12. h3
Ndf6 13. Ne5 Bd7 14. c5 Nh5 15. Bh2 Be8 16. Rf1 Nhf6 17. Bf4
Nd7 18. f3 Nef6 19. g4 Nxe5 20. Bxe5 Nd7 21. Bg3 e5 22. O-O-O
e4 23. fxe4 fxe4 24. Be2 Qe6 25. Bd6 Rxf1 26. Rxf1 Bg6 27. b4
b6 28. a4 a5 29. b5 bxc5 30. dxc5 Ne5 31. b6 Qc8 32. Bxe5 Qb7
33. Bd6 Rd8 34. Qb2 h6 35. Qe5 Re8 36. Qd4 Rd8 37. h4 Bh7
38. g5 hxg5 39. hxg5 Qd7 40. Bh5 Qh3 41. Be2 Qg2 42. Qd2 Bg6
43. b7 Qxg5 44. b8=Q Rxb8 45. Bxb8 Qd8 46. Bd6 1-0

[Event "FIDE Online Olympiad"]
[Site "Chess.com"]
[Date "2020.08.16"]
[EventDate "2020.08.14"]
[Round "8"]
[Result "1-0"]
[White "Uriel Capo Vidal"]
[Black "Nikola Djukic"]
[WhiteElo "2323"]
[BlackElo "2584"]
[Source "Chess-Results"]
[PlyCount "85"]

1. d4 Nf6 2. c4 g6 3. Nc3 Bg7 4. e4 d6 5. Nf3 O-O 6. Be3 c6
7. Be2 e5 8. O-O exd4 9. Nxd4 Re8 10. f3 d5 11. cxd5 cxd5
12. Qb3 dxe4 13. Bc4 Rf8 14. Rad1 Nbd7 15. Nxe4 Nxe4 16. fxe4
Qe7 17. Nb5 Ne5 18. Bd5 a6 19. Nd6 Bg4 20. Rd2 Be6 21. Bc5 Qg5
22. Rdf2 Bxd5 23. exd5 b6 24. Ne4 Qh4 25. Bxf8 Rxf8 26. Rf4
Qd8 27. d6 Kh8 28. Qd5 f5 29. Nf2 b5 30. Rd4 Nc4 31. Rd3 Nxb2
32. Re3 Nc4 33. Re6 f4 34. d7 Ne3 35. Qc6 Nxf1 36. Kxf1 f3
37. gxf3 Qh4 38. Re8 Bd4 39. Rxf8+ Kg7 40. Ng4 Qh3+ 41. Ke1
Qh4+ 42. Kd1 Qh3 43. Rg8+ 1-0

[Event "FIDE Online Olympiad"]
[Site "Chess.com"]
[Date "2020.08.16"]
[EventDate "2020.08.14"]
[Round "8"]
[Result "1-0"]
[White "Alan Pichot"]
[Black "Joshua Daniel Ruiz Castillo"]
[WhiteElo "2548"]
[BlackElo "2452"]
[Source "Chess-Results"]
[PlyCount "109"]

1. e4 e6 2. d4 d5 3. Nc3 Bb4 4. e5 b6 5. h4 Qd7 6. h5 h6
7. Qg4 Kf8 8. Rh3 Ba6 9. Rg3 Rh7 10. Bxa6 Nxa6 11. a3 Bxc3+
12. bxc3 Qa4 13. Qe2 c5 14. Rg4 Ne7 15. Kf1 cxd4 16. Rxd4 Qa5
17. Bd2 Rc8 18. Nf3 Nc5 19. c4 Qa6 20. cxd5 Qxe2+ 21. Kxe2
Nxd5 22. a4 Ke7 23. a5 b5 24. a6 Nd7 25. Kd1 Rhh8 26. Rb1 Rb8
27. Rg4 Rhg8 28. Rb2 Rb6 29. Bxh6 Rh8 30. Bg5+ f6 31. Bd2 Kf7
32. exf6 N7xf6 33. Ne5+ Kg8 34. Rh4 Rxh5 35. Rxh5 Nxh5 36. c4
bxc4 37. Rxb6 Nxb6 38. Be3 Nc8 39. Nc6 Nf6 40. Nxa7 Nxa7
41. Bxa7 Nd5 42. Bd4 Nc7 43. a7 Kf7 44. Kc2 g6 45. Kc3 e5
46. Be3 Ke6 47. Kxc4 Kd6 48. Bb6 Na8 49. Ba5 Kc6 50. g4 Kd6
51. f3 Kc6 52. Kd3 Kd5 53. Ke3 Kd6 54. Ke4 Ke6 55. Bc3 1-0

[Event "FIDE Online Olympiad"]
[Site "Chess.com"]
[Date "2020.08.16"]
[EventDate "2020.08.14"]
[Round "8"]
[Result "1-0"]
[White "Lucas Coro"]
[Black "Jose Gabriel Cardoso Cardoso"]
[WhiteElo "2021"]
[BlackElo "2321"]
[Source "Chess-Results"]
[PlyCount "81"]

1. e4 c5 2. Nf3 Nc6 3. Bb5 d6 4. O-O Bd7 5. Re1 Nf6 6. c3 a6
7. Bc4 b5 8. Bf1 Bg4 9. d4 Bxf3 10. gxf3 g6 11. a4 b4 12. d5
Nb8 13. cxb4 cxb4 14. Qd4 Nbd7 15. Qxb4 Ne5 16. Qa3 g5 17. Nd2
Rg8 18. Nc4 Nfd7 19. Nxe5 Nxe5 20. Bg2 Qd7 21. a5 g4 22. fxg4
Rxg4 23. h3 Rg8 24. f4 Ng6 25. Kh2 Nh4 26. Re2 Bh6 27. Qa4
Qxa4 28. Rxa4 Rc8 29. Be3 Ng6 30. Rf2 Nh4 31. Rb4 f5 32. exf5
Nxf5 33. Ba7 Kf7 34. Be4 Ng3 35. Bf3 Rc1 36. Bg4 Nf1+ 37. Kg2
Nd2 38. Rxd2 Bf8 39. Kf3 Rf1+ 40. Rf2 Rc1 41. Be6+ 1-0

[Event "FIDE Online Olympiad"]
[Site "Chess.com"]
[Date "2020.08.16"]
[EventDate "2020.08.14"]
[Round "9"]
[Result "1-0"]
[White "Melissa Castrillon Gomez"]
[Black "Martha Lorena Fierro Baquero"]
[WhiteElo "2150"]
[BlackElo "2304"]
[Source "Chess-Results"]
[PlyCount "81"]

1. d4 g6 2. c4 Bg7 3. Nf3 d6 4. g3 Nf6 5. Bg2 O-O 6. O-O c6
7. Nc3 Qa5 8. e4 Bg4 9. h3 Bxf3 10. Qxf3 e5 11. Be3 Nbd7
12. Qe2 a6 13. Rfd1 Rfe8 14. d5 cxd5 15. Nxd5 Nxd5 16. Rxd5
Qc7 17. Rad1 Bf8 18. b3 Rec8 19. h4 Nf6 20. R5d2 h5 21. Bg5
Ne8 22. Rd5 Be7 23. c5 Bf8 24. Bh3 Rcb8 25. cxd6 Nxd6 26. Qf3
Re8 27. Bf6 Nb5 28. Rd7 Qc3 29. R1d3 Qc1+ 30. Kh2 Qh6 31. Rxb7
Nd4 32. Rxd4 exd4 33. Bxd4 Re7 34. Rxe7 Bxe7 35. e5 Rf8 36. e6
fxe6 37. Bxe6+ Kh7 38. Qb7 Re8 39. Bf7 Qf8 40. Bxe8 Qxe8
41. Bf6 1-0

[Event "FIDE Online Olympiad"]
[Site "Chess.com"]
[Date "2020.08.16"]
[EventDate "2020.08.14"]
[Round "9"]
[Result "1-0"]
[White "Carla Heredia Serrano"]
[Black "Jenny Astrid Chirivi Castiblanco"]
[WhiteElo "2162"]
[BlackElo "2094"]
[Source "Chess-Results"]
[PlyCount "91"]

1. e4 c5 2. Nf3 e6 3. b3 b6 4. d4 cxd4 5. Nxd4 Bb7 6. Bd3 a6
7. O-O Qc7 8. Nd2 Nf6 9. Qe2 d6 10. Bb2 Be7 11. f4 Nbd7
12. Kh1 O-O 13. Rae1 Nc5 14. c4 Nxd3 15. Qxd3 Rfd8 16. Qg3 Ne8
17. N2f3 h6 18. Qh3 Bf8 19. Re3 d5 20. exd5 exd5 21. cxd5 Qxf4
22. Nd2 Qc7 23. Nf5 Rxd5 24. Ne4 Bc8 25. Ref3 Bxf5 26. Rxf5
Rxf5 27. Qxf5 Rd8 28. Be5 Qb7 29. h3 Qd5 30. Qf4 Qe6 31. Ng3
Nd6 32. Rd1 Nb7 33. Rxd8 Nxd8 34. Ne4 Nc6 35. Bb2 Qd5 36. Ng3
Qd1+ 37. Kh2 Bd6 38. Qe3 Bxg3+ 39. Qxg3 g6 40. Qc7 Nd8 41. Bf6
Ne6 42. Qb8+ Nf8 43. Be7 Kh7 44. Bxf8 Qf1 45. Bd6 Qf6 46. Be5
1-0

[Event "FIDE Online Olympiad"]
[Site "Chess.com"]
[Date "2020.08.16"]
[EventDate "2020.08.14"]
[Round "9"]
[Result "1-0"]
[White "Santiago Avila Pavas"]
[Black "Carlos David Mendoza Criollo"]
[WhiteElo "2274"]
[BlackElo "2058"]
[Source "Chess-Results"]
[PlyCount "83"]

1. d4 Nf6 2. Nf3 g6 3. Bg5 Bg7 4. Nbd2 O-O 5. e4 d6 6. c3 Nbd7
7. Bc4 e5 8. O-O c6 9. Bb3 Qc7 10. Re1 h6 11. Bh4 b5 12. Rc1
Re8 13. c4 a6 14. cxb5 axb5 15. a4 Qb6 16. d5 cxd5 17. axb5 g5
18. Bg3 Qxb5 19. exd5 Nc5 20. Bc2 Bg4 21. Nc4 Red8 22. Ne3 Bh5
23. Qd2 Nfe4 24. Bxe4 Nxe4 25. Qc2 Bg6 26. Qc6 Qxb2 27. Nc4
Qb8 28. h4 g4 29. Nh2 h5 30. Nf1 Qc8 31. Nb6 Qxc6 32. dxc6
Rac8 33. Nxc8 Rxc8 34. Ne3 Nc5 35. Nd5 Kh7 36. Bxe5 Nd3
37. Bxg7 Kxg7 38. c7 Nxc1 39. Rxc1 Bf5 40. Ne7 Kf6 41. Nxc8
Bxc8 42. Re1 1-0

[Event "FIDE Online Olympiad"]
[Site "Chess.com"]
[Date "2020.08.16"]
[EventDate "2020.08.14"]
[Round "9"]
[Result "1-0"]
[White "Anahi Ortiz Verdezoto"]
[Black "Valentina Argote Heredia"]
[WhiteElo "2153"]
[BlackElo "1956"]
[Source "Chess-Results"]
[PlyCount "89"]

1. d4 Nf6 2. c4 e6 3. Nc3 Bb4 4. e3 O-O 5. a3 Bxc3+ 6. bxc3 d6
7. Bd3 b6 8. Nf3 Nc6 9. O-O Na5 10. Qe2 Nb3 11. Rb1 Nxc1
12. Rfxc1 Qe7 13. e4 e5 14. Qe3 Ba6 15. Nh4 g6 16. Qg5 Kh8
17. f4 exf4 18. Qxf4 Nh5 19. Qf2 Qf6 20. Rf1 Qxf2+ 21. Rxf2
Rae8 22. Rbf1 Kg8 23. g4 Ng7 24. Ng2 Bb7 25. Re1 Re7 26. g5
Rfe8 27. Rfe2 Ne6 28. h4 Kg7 29. Kh2 c5 30. d5 Nf8 31. Ne3 Bc8
32. Rf2 Re5 33. Rf6 Rd8 34. Ref1 Re7 35. Kg3 Rc7 36. h5 gxh5
37. Be2 Ng6 38. Bxh5 Ne5 39. Ng4 Bxg4 40. Bxg4 Nxc4 41. Bf5
Ne5 42. Rh1 Rh8 43. Rxd6 h5 44. gxh6+ Kf8 45. Rd8+ 1-0

[Event "FIDE Online Olympiad"]
[Site "Chess.com"]
[Date "2020.08.16"]
[EventDate "2020.08.14"]
[Round "9"]
[Result "1-0"]
[White "Candela Be Francisco Guecamburu"]
[Black "Kristina Bacic"]
[WhiteElo "1904"]
[BlackElo "1812"]
[Source "Chess-Results"]
[PlyCount "107"]

1. e4 d5 2. exd5 Qxd5 3. Nc3 Qd8 4. d4 Nf6 5. Nf3 c6 6. Bf4
Bf5 7. Bd3 Bxd3 8. Qxd3 e6 9. a3 Be7 10. O-O O-O 11. Rad1 Nbd7
12. Rfe1 Nd5 13. Bg3 Nxc3 14. Qxc3 Nf6 15. Qd3 Qb6 16. Be5 h6
17. Rb1 Rfd8 18. c4 c5 19. Qc3 cxd4 20. Bxd4 Bc5 21. Bxc5 Qxc5
22. b4 Qf5 23. Rbd1 Qg4 24. h3 Qh5 25. Qe3 b6 26. Rd4 Rxd4
27. Qxd4 Rc8 28. Qd3 Qf5 29. Qxf5 exf5 30. Re7 Rxc4 31. Rxa7
Nd5 32. Kh2 Rc7 33. Ra8+ Kh7 34. Nd4 Kg6 35. Rd8 Nf6 36. Rd6
Rd7 37. Rxd7 Nxd7 38. a4 Kf6 39. f4 g5 40. Kg3 h5 41. Nc6 g4
42. Kh4 Kg6 43. Ne5+ Nxe5 44. fxe5 gxh3 45. gxh3 f4 46. a5
bxa5 47. bxa5 Kf5 48. a6 Kxe5 49. a7 Ke4 50. a8=Q+ Ke3
51. Qe8+ Kf2 52. Qxf7 f3 53. Kxh5 Kg3 54. h4 1-0

[Event "FIDE Online Olympiad"]
[Site "Chess.com"]
[Date "2020.08.16"]
[EventDate "2020.08.14"]
[Round "9"]
[Result "1-0"]
[White "Dario Alivodic"]
[Black "Lucas Coro"]
[WhiteElo "2109"]
[BlackElo "2021"]
[Source "Chess-Results"]
[PlyCount "77"]

1. d4 Nf6 2. c4 g6 3. Nc3 Bg7 4. e4 d6 5. Nge2 O-O 6. Ng3 h5
7. Be2 c6 8. O-O h4 9. Nh1 h3 10. g4 e5 11. dxe5 dxe5 12. Qxd8
Rxd8 13. f3 Nbd7 14. Rd1 Bf8 15. Be3 Re8 16. Nf2 Bc5 17. Bxc5
Nxc5 18. Nxh3 Ne6 19. Rd2 Kg7 20. Rad1 Nd4 21. Nf2 Nd7 22. f4
Nc5 23. f5 a5 24. Nd3 Nxd3 25. Rxd3 b5 26. cxb5 cxb5 27. Re3
Rb8 28. Nd5 Rh8 29. Rc1 Bb7 30. f6+ Kh6 31. h4 Rhc8 32. g5+
Kh7 33. Nc7 b4 34. Bg4 Rd8 35. Rc5 Nc6 36. Nd5 a4 37. h5 Nd4
38. Ne7 a3 39. hxg6+ 1-0

[Event "FIDE Online Olympiad"]
[Site "Chess.com"]
[Date "2020.08.16"]
[EventDate "2020.08.14"]
[Round "9"]
[Result "1-0"]
[White "Anapaola S Borda Rodas"]
[Black "Milena Mosurovic"]
[WhiteElo "1994"]
[BlackElo "1868"]
[Source "Chess-Results"]
[PlyCount "53"]

1. e4 d5 2. exd5 Qxd5 3. Nc3 Qd8 4. d4 Nf6 5. Nf3 Bg4 6. h3
Bxf3 7. Qxf3 c6 8. Be3 e6 9. a3 Nbd7 10. Bd3 Be7 11. O-O O-O
12. Rfe1 Qc7 13. Ne4 Nxe4 14. Qxe4 Nf6 15. Qf3 Rfd8 16. c3 b6
17. Bf4 Bd6 18. Bg5 Be7 19. Rad1 Nd5 20. Bc1 c5 21. Be4 Rac8
22. dxc5 Qxc5 23. Bxd5 Rxd5 24. Rxd5 exd5 25. Be3 Qb5 26. Bd4
Bc5 27. Qg4 1-0

[Event "FIDE Online Olympiad"]
[Site "Chess.com"]
[Date "2020.08.16"]
[EventDate "2020.08.14"]
[Round "9"]
[Result "1-0"]
[White "Ketevan Arakhamia-Grant"]
[Black "Diana Carime Real Pereyra"]
[WhiteElo "2282"]
[BlackElo "2055"]
[Source "Chess-Results"]
[PlyCount "79"]

1. e4 c5 2. Nf3 d6 3. Bb5+ Nd7 4. O-O Nf6 5. Re1 e5 6. a4 Be7
7. a5 O-O 8. Nc3 a6 9. Bc4 b5 10. axb6 Nxb6 11. Ba2 c4 12. h3
h6 13. d3 Be6 14. Be3 Rc8 15. d4 Qc7 16. Qd2 Rfd8 17. Bb1 Ra8
18. d5 Bd7 19. Ra3 Rdb8 20. Ba2 Bb5 21. Ra1 Nfd7 22. Bb1 Nc5
23. b4 Ncd7 24. Ra5 Qb7 25. Qc1 Bd8 26. R5a3 Nf6 27. Nh4 Bd7
28. Bxh6 gxh6 29. Qxh6 Nh7 30. Ne2 Bxh4 31. Qxh4 Kh8 32. Rf3
Bb5 33. Ng3 Rg8 34. Nf5 Rg6 35. c3 Rag8 36. g3 Qd7 37. Ne7 Nc8
38. Rxf7 R6g7 39. Ng6+ Rxg6 40. Qxh7# 1-0

[Event "FIDE Online Olympiad"]
[Site "Chess.com"]
[Date "2020.08.16"]
[EventDate "2020.08.14"]
[Round "9"]
[Result "1-0"]
[White "Alejandra Guerrero Rodriguez"]
[Black "Alice Lampard"]
[WhiteElo "2068"]
[BlackElo "1763"]
[Source "Chess-Results"]
[PlyCount "97"]

1. e4 c5 2. c3 g6 3. d4 cxd4 4. cxd4 d5 5. exd5 Nf6 6. Nc3
Nbd7 7. d6 exd6 8. Nf3 Bg7 9. Qe2+ Qe7 10. Nb5 Qxe2+ 11. Bxe2
O-O 12. Nxd6 Nb6 13. Nxc8 Raxc8 14. O-O Nfd5 15. a4 Nb4 16. a5
N6d5 17. Bd2 a6 18. Rac1 Nc2 19. Bd3 Nxd4 20. Nxd4 Bxd4
21. Be4 Rcd8 22. Bg5 f6 23. Rcd1 Nb4 24. Bh6 Rfe8 25. Bxb7
Bxb2 26. Bd2 Nd3 27. Bxa6 Nc5 28. Bc4+ Kg7 29. Be3 Ne4 30. Bb6
Rxd1 31. Rxd1 Nd6 32. Rxd6 Re1+ 33. Bf1 Be5 34. Rd7+ Kf8
35. g3 h6 36. Kg2 Rb1 37. Bd3 Rd1 38. Bc5+ Ke8 39. Re7+ Kd8
40. Bxg6 Rd5 41. Re8+ Kd7 42. Bb6 f5 43. Rd8+ Kc6 44. Be8+ Kb7
45. Rxd5 Bb8 46. Bb5 f4 47. Rd7+ Kc8 48. a6 fxg3 49. Rd8# 1-0

[Event "FIDE Online Olympiad"]
[Site "Chess.com"]
[Date "2020.08.16"]
[EventDate "2020.08.14"]
[Round "9"]
[Result "1-0"]
[White "Rebeca Mellado Reyes"]
[Black "Sarah E Smith"]
[WhiteElo "1498"]
[BlackElo "1390"]
[Source "Chess-Results"]
[PlyCount "55"]

1. d4 Nf6 2. Nf3 c5 3. c3 b6 4. Bf4 g6 5. e3 Bg7 6. Be2 O-O
7. h3 Bb7 8. O-O d6 9. a4 Nbd7 10. Nbd2 a6 11. Re1 Qc7 12. Bh2
Qc6 13. Bf1 b5 14. e4 bxa4 15. d5 Qc7 16. Rxa4 Nb6 17. Ra2
Nfd7 18. Qb3 Ra7 19. Rea1 Rfa8 20. Qc2 Bc8 21. Nb3 Qb7 22. Na5
Qc7 23. Nc6 Rb7 24. Bxa6 Rbb8 25. Nxb8 Rxb8 26. Bxc8 Qxc8
27. Ra7 Nf6 28. Rxe7 1-0

[Event "FIDE Online Olympiad"]
[Site "Chess.com"]
[Date "2020.08.16"]
[EventDate "2020.08.14"]
[Round "9"]
[Result "1-0"]
[White "Luke McShane"]
[Black "Emmanuel Jimenez Garcia"]
[WhiteElo "2698"]
[BlackElo "2114"]
[Source "Chess-Results"]
[PlyCount "65"]

1. e4 b6 2. d4 Bb7 3. Bd3 Nf6 4. Qe2 Nc6 5. c3 d6 6. Be3 e5
7. d5 Nb8 8. c4 Be7 9. Nc3 a5 10. Nf3 Na6 11. h3 Nc5 12. Bc2
O-O 13. a3 c6 14. O-O cxd5 15. exd5 Ne8 16. b4 Nd7 17. Ba4 f5
18. Bxd7 Qxd7 19. Bxb6 axb4 20. axb4 Nf6 21. Rfd1 e4 22. Nd4
Rfc8 23. Rxa8 Rxa8 24. c5 Ba6 25. b5 dxc5 26. Nc6 Bc8 27. d6
Bxd6 28. Bxc5 Bxc5 29. Rxd7 Nxd7 30. Qc4+ Kh8 31. Ne5 Nxe5
32. Qxc5 Ng6 33. Qd5 1-0

[Event "FIDE Online Olympiad"]
[Site "Chess.com"]
[Date "2020.08.16"]
[EventDate "2020.08.14"]
[Round "9"]
[Result "1-0"]
[White "Katarzyna Toma"]
[Black "Maria Elena Rodriguez Arrieta"]
[WhiteElo "2202"]
[BlackElo "1905"]
[Source "Chess-Results"]
[PlyCount "109"]

1. e4 e5 2. Nf3 Nc6 3. Bb5 a6 4. Ba4 Nf6 5. Qe2 b5 6. Bb3 Be7
7. c3 d6 8. O-O O-O 9. Rd1 Na5 10. Bc2 c5 11. d4 Qc7 12. d5 c4
13. Nbd2 Nb7 14. Nf1 a5 15. Ng3 b4 16. Ba4 Nc5 17. Bc6 Rb8
18. cxb4 axb4 19. Qxc4 Ba6 20. Qc2 Bb5 21. Bxb5 Rxb5 22. h3
Ra8 23. Be3 Nfd7 24. Nd2 Rba5 25. b3 Qa7 26. a4 Qb7 27. Nc4
R5a6 28. Rab1 Rc8 29. Nf5 Bf8 30. f3 Nb6 31. Nxb6 Rxb6
32. Rdc1 Ra6 33. Qe2 Ra5 34. Rc4 g6 35. Ng3 Raa8 36. Qd2 Nxb3
37. Qxb4 Qxb4 38. Rxb4 Nc5 39. Ra1 Ra5 40. Nf1 Rca8 41. Bxc5
dxc5 42. Rc4 Rb8 43. Ra2 Rb4 44. Nd2 Bd6 45. Kf2 Kf8 46. Ke2
Ke7 47. Kd3 f5 48. Rxb4 cxb4 49. Nc4 b3 50. Rb2 Rxa4 51. Rxb3
Ra2 52. Rb7+ Kf6 53. Nxd6 fxe4+ 54. Nxe4+ Kf5 55. Rf7# 1-0

[Event "FIDE Online Olympiad"]
[Site "Chess.com"]
[Date "2020.08.16"]
[EventDate "2020.08.14"]
[Round "9"]
[Result "1-0"]
[White "Jonah B Willow"]
[Black "Joshua Quesada Leon"]
[WhiteElo "2168"]
[BlackElo "1702"]
[Source "Chess-Results"]
[PlyCount "81"]

1. e4 c5 2. Nf3 d6 3. Nc3 Nf6 4. d4 cxd4 5. Qxd4 e5 6. Bb5+
Nc6 7. Qd3 a6 8. Bxc6+ bxc6 9. Bg5 Be7 10. O-O O-O 11. Rfd1
Be6 12. Bxf6 gxf6 13. Ne2 Kh8 14. c4 Qb6 15. Ng3 Rad8 16. Nh4
Rg8 17. Nhf5 Bf8 18. b3 d5 19. cxd5 cxd5 20. Qf3 d4 21. Nh5
Bc8 22. Rac1 Rg5 23. h4 Rg6 24. Rc4 Be6 25. Rc2 Rc8 26. Rxc8
Bxc8 27. Rc1 Bd7 28. Nhg3 a5 29. Rc4 Be6 30. Rc1 Bd7 31. Qe2
Ba3 32. Rc2 Rg8 33. Kh2 Bb5 34. Qh5 d3 35. Rd2 Bc1 36. Rd1 Bf4
37. Qxf7 d2 38. Ne7 Rd8 39. Nd5 Qd6 40. Nxf6 Bxg3+ 41. fxg3
1-0

[Event "FIDE Online Olympiad"]
[Site "Chess.com"]
[Date "2020.08.16"]
[EventDate "2020.08.14"]
[Round "9"]
[Result "1-0"]
[White "Viktor Erdos"]
[Black "Oswaldo Zambrana"]
[WhiteElo "2580"]
[BlackElo "2464"]
[Source "Chess-Results"]
[PlyCount "179"]

1. Nf3 Nf6 2. c4 e6 3. Nc3 d5 4. e3 c6 5. b3 Nbd7 6. Bb2 Bd6
7. Be2 O-O 8. O-O b6 9. cxd5 exd5 10. Nd4 Qc7 11. f4 Re8
12. Rc1 Qb7 13. Nxc6 Qxc6 14. Nb5 Bc5 15. b4 a6 16. Nd4 Qb7
17. bxc5 bxc5 18. Nb3 c4 19. Bxf6 Nxf6 20. Nd4 Bd7 21. Bf3 Qb4
22. Qc2 Qa5 23. Qc3 Qxc3 24. Rxc3 Reb8 25. d3 cxd3 26. Rxd3
Bb5 27. Nxb5 axb5 28. a3 Ra4 29. Rb1 g6 30. Rbb3 b4 31. axb4
Raxb4 32. Rxb4 Rxb4 33. Bxd5 Nxd5 34. Rxd5 f5 35. Kf2 Rb2+
36. Kg3 h5 37. Rd7 Re2 38. Kf3 Rb2 39. Rc7 Ra2 40. h3 h4
41. Rd7 Rb2 42. Rd1 Kg7 43. Re1 Ra2 44. e4 fxe4+ 45. Rxe4 Kf6
46. Re2 Ra4 47. Rc2 Kf5 48. Rc5+ Kf6 49. Rc6+ Kf5 50. Rc5+ Kf6
51. Rg5 Ra8 52. Kg4 Rh8 53. f5 gxf5+ 54. Rxf5+ Ke6 55. Rh5
Rg8+ 56. Rg5 Rh8 57. Kf4 Rf8+ 58. Ke3 Rh8 59. Ke4 Kf6 60. Kf4
Ke6 61. Rg6+ Kf7 62. Kg5 Ke7 63. Kf5 Rf8+ 64. Kg5 Rh8 65. Kf5
Rf8+ 66. Kg4 Rh8 67. Rg5 Kf6 68. Rh5 Rg8+ 69. Kf3 Rf8 70. Rxh4
Kg5+ 71. Kg3 Rb8 72. Rg4+ Kh5 73. Rc4 Rb3+ 74. Kh2 Rb2
75. Rc5+ Kh4 76. Rc4+ Kh5 77. h4 Rb3 78. g3 Rb1 79. Rc5+ Kh6
80. Kh3 Rb4 81. h5 Rb1 82. Kh4 Rh1+ 83. Kg4 Rb1 84. Rc6+ Kh7
85. Kg5 Rb5+ 86. Kh4 Ra5 87. g4 Rb5 88. Rc7+ Kh8 89. h6 Rd5
90. g5 1-0

[Event "FIDE Online Olympiad"]
[Site "Chess.com"]
[Date "2020.08.16"]
[EventDate "2020.08.14"]
[Round "9"]
[Result "1-0"]
[White "Ticia Gara"]
[Black "Daniela Cordero"]
[WhiteElo "2274"]
[BlackElo "1981"]
[Source "Chess-Results"]
[PlyCount "87"]

1. Nf3 e6 2. g3 f5 3. Bg2 Nf6 4. O-O d5 5. c4 Bd6 6. b3 Qe7
7. d4 c6 8. Bb2 O-O 9. Nbd2 Bd7 10. Ne5 Be8 11. Qc2 Nbd7
12. Ndf3 Ne4 13. Nxd7 Qxd7 14. Ne5 Bxe5 15. dxe5 Bh5 16. Rac1
Ng5 17. h4 Nf7 18. Rfd1 g5 19. Qc3 Rac8 20. Qe3 Qe7 21. hxg5
Nxg5 22. f3 Qg7 23. Ba3 Rfd8 24. Kf2 Bf7 25. Be7 h6 26. Bf6
Qg6 27. Bxd8 Rxd8 28. cxd5 exd5 29. Rd4 Ne6 30. Rh4 Kg7
31. Rch1 Rh8 32. f4 a6 33. Bf3 Kf8 34. Bh5 Qg7 35. Bxf7 Kxf7
36. Qb6 Kf8 37. Qb4+ Kg8 38. Qd6 Qg6 39. Qb8+ Nf8 40. Qxb7 Rh7
41. Qxa6 Rg7 42. Qd3 d4 43. Rxh6 Qg4 44. Qc4+ 1-0

[Event "FIDE Online Olympiad"]
[Site "Chess.com"]
[Date "2020.08.16"]
[EventDate "2020.08.14"]
[Round "9"]
[Result "1-0"]
[White "Adam Kozak"]
[Black "Fernando Bolanos"]
[WhiteElo "2438"]
[BlackElo "2272"]
[Source "Chess-Results"]
[PlyCount "75"]

1. Nf3 c5 2. c4 Nc6 3. g3 Nf6 4. Bg2 d5 5. cxd5 Nxd5 6. d4 e6
7. O-O Be7 8. dxc5 Bxc5 9. a3 O-O 10. b4 Be7 11. Bb2 Bf6
12. Qb3 a5 13. e4 Bxb2 14. Qxb2 Qf6 15. e5 Qd8 16. b5 Nce7
17. Nbd2 Bd7 18. Rac1 a4 19. Nd4 Qa5 20. Nc4 Qa7 21. Nd6 Qb6
22. h4 Rfd8 23. Rfd1 Be8 24. Be4 Rxd6 25. exd6 Qxd6 26. Bg2
Qb6 27. Rc4 Nc7 28. Rdc1 Ned5 29. Bxd5 Nxd5 30. Rc8 Rxc8
31. Rxc8 Nf6 32. Qb4 h5 33. Qc5 Qa5 34. Nf3 Kh7 35. Ng5+ Kh6
36. Nxf7+ Bxf7 37. Rh8+ Nh7 38. Qg5# 1-0

[Event "FIDE Online Olympiad"]
[Site "Chess.com"]
[Date "2020.08.21"]
[EventDate "2020.08.21"]
[Round "1"]
[Result "1-0"]
[White "Gunay Mammadzada"]
[Black "Zhaoqin Peng"]
[WhiteElo "2280"]
[BlackElo "2358"]
[Source "Chess-Results"]
[PlyCount "66"]

1. e4  Nf6  2. e5  Nd5  3. c4  Nb6  4. d4  d6  5. exd6  exd6  6. Nc3  Be7  7. Bd3  Nc6  8. Nge2  O-O  9. O-O  Bf6  10. Be3  Nb4  11. b3  Nxd3  12. Qxd3  c6  13. d5  cxd5  14. Bxb6  axb6  15. Qxd5  Re8  16. Rad1  Be5  17. f4  Bxc3  18. Nxc3  Qf6  19. Qd4  Qg6  20. Qxd6  Qc2  21. Qd2  Qg6  22. Nd5  Bg4  23. Rde1  Qh5  24. h3  Be6  25. Nxb6  Rad8  26. Qf2  h6  27. Re5  Qg6  28. f5  Qf6  29. fxe6  Qxe5  30. exf7+  Kh8  31. fxe8=Q+  Rxe8  32. Nd5  b5  33. Qf4   1-0

[Event "FIDE Online Olympiad"]
[Site "Chess.com"]
[Date "2020.08.21"]
[EventDate "2020.08.21"]
[Round "1"]
[Result "1-0"]
[White "Tamas Banusz"]
[Black "Marc Andria Maurizzi"]
[WhiteElo "2614"]
[BlackElo "2186"]
[Source "Chess-Results"]
[PlyCount "134"]

1. Nf3  Nf6  2. g3  b6  3. Bg2  Bb7  4. O-O  g6  5. d4  Bg7  6. c4  O-O  7. d5  Na6  8. Nc3  Nc5  9. Nd4  e5  10. Nb3  Nxb3  11. axb3  d6  12. b4  Nd7  13. e4  f5  14. exf5  gxf5  15. f4  exf4  16. Bxf4  Ne5  17. Qe2  Qd7  18. c5  bxc5  19. bxc5  dxc5  20. Bxe5  Rae8  21. Qc4  Rxe5  22. d6+  Kh8  23. Bxb7  cxd6  24. Bg2  Rb8  25. Rf2  Qe7  26. Nd5  Re1+  27. Rxe1  Qxe1+  28. Rf1  Qe5  29. Qa6  h6  30. Qxa7  Rxb2  31. Nf4  Kh7  32. Qf7  Qf6  33. Qxf6  Bxf6  34. Bd5  Rd2  35. Be6  Kh8  36. Kh1  Rd4  37. Ra1  Bg5  38. Nh5  Kh7  39. Bxf5+  Kg8  40. Bg6  Kf8  41. Re1  Be7  42. Rf1+  Kg8  43. Rf7  Rd1+  44. Kg2  Re1  45. Ng7  Bf8  46. Nh5  Be7  47. Nf4  Re5  48. Nd5  Rxd5  49. Rxe7  Rg5  50. Be4  c4  51. Rd7  Re5  52. Bf3  c3  53. Rxd6  Rc5  54. Rd1  Kg7  55. Kf2  Kf6  56. Ke3  Kg5  57. Kd4  Rc8  58. Rc1  c2  59. Kd3  Rf8  60. Ke3  Rc8  61. Be4  Kg4  62. Rxc2  Rxc2  63. Bxc2  Kh3  64. Kf4  Kxh2  65. g4  Kh3  66. Kf5  Kh4  67. Bd1   1-0